Absorbing perfections : (Record no. 9812)
[ view plain ]
| 000 -LEADER | |
|---|---|
| fixed length control field | 02074cam a22002894a 4500 |
| 001 - CONTROL NUMBER | |
| control field | 12575088 |
| 003 - CONTROL NUMBER IDENTIFIER | |
| control field | OSt |
| 005 - DATE AND TIME OF LATEST TRANSACTION | |
| control field | 20211006092227.0 |
| 008 - FIXED-LENGTH DATA ELEMENTS--GENERAL INFORMATION | |
| fixed length control field | 011030s2002 ctu b 001 0 eng |
| 010 ## - LIBRARY OF CONGRESS CONTROL NUMBER | |
| LC control number | 2001006563 |
| 020 ## - INTERNATIONAL STANDARD BOOK NUMBER | |
| International Standard Book Number | 0300083793 (alk. paper) |
| 040 ## - CATALOGING SOURCE | |
| Original cataloging agency | DLC |
| Transcribing agency | HU |
| Modifying agency | DLC |
| 042 ## - AUTHENTICATION CODE | |
| Authentication code | pcc |
| 050 00 - LIBRARY OF CONGRESS CALL NUMBER | |
| Classification number | BM526 |
| Item number | .I295 2002 |
| 082 00 - DEWEY DECIMAL CLASSIFICATION NUMBER | |
| Classification number | 296.1/6 |
| Edition number | 21 |
| 100 1# - MAIN ENTRY--PERSONAL NAME | |
| Personal name | Idel, Moshe, |
| Dates associated with a name | 1947- |
| 9 (RLIN) | 10566 |
| 245 10 - TITLE STATEMENT | |
| Title | Absorbing perfections : |
| Remainder of title | Kabbalah and interpretation / |
| Statement of responsibility, etc. | Moshe Idel. |
| 260 ## - PUBLICATION, DISTRIBUTION, ETC. | |
| Place of publication, distribution, etc. | New Haven : |
| Name of publisher, distributor, etc. | Yale University Press, |
| Date of publication, distribution, etc. | c2002. |
| 300 ## - PHYSICAL DESCRIPTION | |
| Extent | xvii, 668 p. : |
| Dimensions | 24 cm. |
| 504 ## - BIBLIOGRAPHY, ETC. NOTE | |
| Bibliography, etc. note | Includes bibliographical references (p. 493-645) and index. |
| 505 0# - FORMATTED CONTENTS NOTE | |
| Formatted contents note | The world-absorbing text -- The God-absorbing text : black fire on white fire -- Text and interpretation affinities in Kabbalah -- The book that contains and maintains all -- Magical and magical-mystical arcanizations of canonical books -- Torah study and mystical experiences in Jewish mysticism -- Secrecy, binah, and derishah -- Semantics, constellation, and interpretation -- Radical forms of Jewish hermeneutics -- The symbolic mode of theosophical-theurgical Kabbalah -- Allegories, divine names, and experiences in ecstatic Kabbalah -- Tzerufei otiyyot : mutability and accommodation of the Torah in Jewish mysticism -- Tradition, transmission, and techniques -- Concluding remarks -- Appendix 1. Pardes : the fourfold method of interpretation -- Appendix 2. Abraham Abulafia's Torah of blood and ink -- Appendix 3. R. Isaac of Acre's exegetical quandary -- Appendix 4. The exile of the Torah and the imprisonment of secrets -- Appendix 5. On oral Torah and multiple interpretations in Hasidism -- Appendix 6. "Book of God"/"book of law" in late-fifteenth-century Florence. |
| 630 00 - SUBJECT ADDED ENTRY--UNIFORM TITLE | |
| Uniform title | Bible. |
| Name of part/section of a work | Pentateuch |
| General subdivision | Criticism, interpretation, etc., Jewish. |
| 9 (RLIN) | 10567 |
| 650 #0 - SUBJECT ADDED ENTRY--TOPICAL TERM | |
| Topical term or geographic name entry element | Cabala |
| General subdivision | History. |
| 9 (RLIN) | 10568 |
| 906 ## - LOCAL DATA ELEMENT F, LDF (RLIN) | |
| a | 7 |
| b | cbc |
| c | orignew |
| d | 1 |
| e | ecip |
| f | 20 |
| g | y-gencatlg |
| 942 ## - ADDED ENTRY ELEMENTS (KOHA) | |
| Source of classification or shelving scheme | Dewey Decimal Classification |
| Koha item type | Books like text book referance book |
| Suppress in OPAC | No |
| Withdrawn status | Lost status | Source of classification or shelving scheme | Damaged status | Not for loan | Home library | Current library | Shelving location | Date acquired | Total Checkouts | Full call number | Barcode | Date last seen | Copy number | Price effective from | Koha item type |
|---|---|---|---|---|---|---|---|---|---|---|---|---|---|---|---|
| Dewey Decimal Classification | Social Library | Social Library | General Stacks | 10/06/2021 | 296/IDE | SHLIB 00001248 | 10/06/2021 | 1 | 10/06/2021 | Books like text book referance book | |||||
| Dewey Decimal Classification | Social Library | Social Library | General Stacks | 10/06/2021 | 296.16/IDE | SHLIB 00001247 | 10/06/2021 | 2 | 10/06/2021 | Books like text book referance book |